Love in a wilderness /

Kaydedildi:
Detaylı Bibliyografya
Yazar: Marlow, Phyllis
Materyal Türü: Kitap
Dil:English
Baskı/Yayın Bilgisi: London : John Gresham, 1969.
LEADER 00683nam a22001937a 4500
001 c000099881
003 CARM
005 00000000000000.0
008 981013s1969 enk 00001 eng d
019 1 |a 14181821  |5 LACONCORD2021 
035 |a (OCoLC)30300572  |5 LACONCORD2021 
040 |a VLINC  |c VLINC 
100 1 |a Marlow, Phyllis. 
245 1 0 |a Love in a wilderness /  |c by Phyllis Marlow. 
260 |a London :  |b John Gresham,  |c 1969. 
300 |a 160 p. 
852 8 |b CARM  |h A2:AI36G0  |i A01997  |p 0137085  |f BK 
999 f f |i 1e76c397-1863-5c70-9cba-58a8d4d0edd4  |s f75f78db-ce12-57db-965f-86a69e58a809 
952 f f |p Can circulate  |a CAVAL  |b CAVAL  |c CAVAL  |d CARM 1 Store  |e A01997  |f A2:AI36G0  |h Other scheme  |i book  |m 0137085